000 00685cam a2200241 4500500
005 20260405002259.0
041 _afre
042 _adc
100 1 0 _ade Oliveira, Victorine
_eauthor
245 0 0 _a7 conceptions de la barbarie
260 _c2016.
500 _a94
690 _aBarbarie
690 _aCicéron
690 _aClaude Lévi-Strauss
690 _aHéraclite
690 _aMontaigne
690 _aPaul
690 _aRousseau
690 _aSextus Empiricus
786 0 _nPhilosophie magazine | 103 | 10 | 2016-10-01 | p. 42-42 | 1951-1787
856 4 1 _uhttps://shs.cairn.info/magazine-philosophie-magazine-2016-10-page-42?lang=fr&redirect-ssocas=7080
999 _c2056207
_d2056207